000 01107nam a22002417a 4500
999 _c57572
_d57572
003 Ge_BSU
005 20200806110910.0
008 200806s2020 ge ||||| |||| 00| 0 geo d
020 _a9789941479618
041 _ageo
080 _a94(479.22)''1921''(093) შ-24
100 _aშარაბიძე, თამარ
_95772
245 _aბოლშევიზმით დანგრეული ცხოვრება /
_cთამარ შარაბიძე; რედ. ანა დოლიძე; ყდის დიზაინერი გ. ბაგრატიონი.
264 _aთბილისი :
_bნეკერი,
_c2020.
300 _a185 გვ.
_bილ.
_c20 სმ.
504 _aბიბლიოგრ. გვ. 95
653 _aისტორია
653 _aბოლშევიზმი
653 _aრეპრესიები
700 _aდოლიძე, ანა
_eრედაქტორი
_99108
700 _aბაგრატიონი, გიორგი
_eყდის დიზაინერი
_95945
942 _2udc
_cBK